Redoble por rancas : balada 1
Αποθηκεύτηκε σε:
| Κύριος συγγραφέας: | |
|---|---|
| Μορφή: | Βιβλίο |
| Γλώσσα: | Spanish |
| Δημοσίευση: |
Barcelona :
Editorial Planeta,
c1970
|
| Σειρά: | Biblioteca universal Planeta (Barcelona, Spain)
|
| Θέματα: | |
| Ετικέτες: |
Προσθήκη ετικέτας
Δεν υπάρχουν, Καταχωρήστε ετικέτα πρώτοι!
|
MARC
| LEADER | 00000cam a2200000 i 4500 | ||
|---|---|---|---|
| 001 | 1/19270 | ||
| 008 | 120508s1970 spa d | ||
| 020 | |a 84-320-6389-4 | ||
| 035 | |l 10112370 | ||
| 040 | |a GR-MY-UA |b gre |e aacr | ||
| 041 | 0 | |a spa | |
| 082 | 0 | |a 863 |2 (22) | |
| 100 | 1 | |a Scorza, Manuel. | |
| 245 | 1 | 0 | |a Redoble por rancas : |b balada 1 / |c Manuel Scorza |
| 260 | |a Barcelona : |b Editorial Planeta, |c c1970 | ||
| 300 | |a 236 σ.; |c 18 εκ. | ||
| 490 | 1 | |a Biblioteca universal Planeta (Barcelona, Spain) | |
| 650 | 0 | 0 | |a Peruvian fiction |y 20th century. |
| 830 | 0 | |a Biblioteca universal Planeta (Barcelona, Spain) | |
| 852 | |a INST |b SYROS |e 20120508 |h 863 SCO |p 005500010146 |q 005500010146 |t BK |y 0 | ||
| 901 | |a BIBL5-2012-1 | ||
| 909 | |a Ε |b 170025 | ||
| 970 | |a ΤΣΟΥΚΑΛΑ |b ΑΛΙΚΗ |z 2012/05/08 | ||